Labour and the law / (Record no. 214)

MARC details
000 -LEADER
fixed length control field 00843nam a2200289 i 4500
001 - CONTROL NUMBER
control field 3215010
003 - CONTROL NUMBER IDENTIFIER
control field OSt
005 - DATE AND TIME OF LATEST TRANSACTION
control field 20150402103520.0
008 - FIXED-LENGTH DATA ELEMENTS--GENERAL INFORMATION
fixed length control field 780607s1977 enk 001 0 eng
010 ## - LIBRARY OF CONGRESS CONTROL NUMBER
LC control number 78307126
015 ## - NATIONAL BIBLIOGRAPHY NUMBER
National bibliography number GB***
020 ## - INTERNATIONAL STANDARD BOOK NUMBER
International Standard Book Number 0420452109 :
Terms of availability £8.00.
International Standard Book Number 0420452206
040 ## - CATALOGING SOURCE
Original cataloging agency DLC
Transcribing agency DLC
Modifying agency DLC
043 ## - GEOGRAPHIC AREA CODE
Geographic area code e-uk---
050 00 - LIBRARY OF CONGRESS CALL NUMBER
Classification number KD3040
Item number .K3 1977
082 00 - DEWEY DECIMAL CLASSIFICATION NUMBER
Classification number 344.01 KAH
100 2# - MAIN ENTRY--PERSONAL NAME
Personal name Kahn-Freund, Otto,
Titles and other words associated with a name Sir,
Dates associated with a name 1900-
9 (RLIN) 615
245 10 - TITLE STATEMENT
Title Labour and the law /
Statement of responsibility, etc by Otto Kahn-Freund.
250 ## - EDITION STATEMENT
Edition statement 2d ed.
260 ## - PUBLICATION, DISTRIBUTION, ETC. (IMPRINT)
Place of publication, distribution, etc London :
Name of publisher, distributor, etc Stevens,
Date of publication, distribution, etc 1977.
300 ## - PHYSICAL DESCRIPTION
Extent xxxii, 296 p. ;
Dimensions 23 cm.
500 ## - GENERAL NOTE
General note Includes index.
650 #0 - SUBJECT ADDED ENTRY--TOPICAL TERM
Topical term or geographic name as entry element Labor laws and legislation
Geographic subdivision Great Britain.
9 (RLIN) 616
650 #0 - SUBJECT ADDED ENTRY--TOPICAL TERM
Topical term or geographic name as entry element Collective labor agreements
Geographic subdivision Great Britain.
9 (RLIN) 617
906 ## - LOCAL DATA ELEMENT F, LDF (RLIN)
a 7
b cbc
c orignew
d 3
e ncip
f 19
g y-gencatlg
942 ## - ADDED ENTRY ELEMENTS (KOHA)
Source of classification or shelving scheme Dewey Decimal Classification
Koha item type Books
Holdings
Withdrawn status Lost status Source of classification or shelving scheme Damaged status Not for loan Home library Current library Shelving location Date acquired Total Checkouts Full call number Barcode Date last seen Price effective from Koha item type
    Dewey Decimal Classification     Law Development Centre Main Library Law Development Centre Main Library Text Books and Laws 04/11/2011   344.01 KAH 2011/2715 04/11/2011 04/11/2011 Books
    Dewey Decimal Classification     Law Development Centre Main Library Law Development Centre Main Library Text Books and Laws 04/11/2011   344.01 KAH 2011/2716 04/11/2011 04/11/2011 Books